[Event "Scarborough CC Early Summer Swiss"]
[Site "Toronto CAN"]
[Date "2007.06.07"]
[Round "5"]
[White "Chuderski, Jan"]
[Black "Samaroo, Muneshwar"]
[Result "1/2-1/2"]
[WhiteElo "1559"]
[BlackElo "1513"]
[PlyCount "85"]
[GameId "2160767910684601"]
[EventDate "2007.05.10"]
[EventType "swiss"]
[EventRounds "8"]
[EventCountry "CAN"]
[SourceTitle "EXT 2022"]
[Source "ChessBase"]
[SourceDate "2021.10.06"]
[SourceVersion "1"]
[SourceVersionDate "2021.10.06"]
[SourceQuality "1"]

1. Nf3 Nf6 2. d4 d5 3. c4 c6 4. Nc3 g6 5. h3 Bg7 6. e3 O-O 7. Bd3 dxc4 8. Bxc4 Nbd7 9. Rb1 Nb6 10. Bb3 Bf5 11. Bc2 Be6 12. b3 Nbd5 13. Bb2 Nxc3 14. Bxc3 Nd5 15. Bb2 Qa5+ 16. Qd2 Qxd2+ 17. Nxd2 f5 18. O-O Bh6 19. a3 Nxe3 20. Rbc1 Nxc2 21. Rxc2 Bxd2 22. Rxd2 Bd5 23. b4 f4 24. Re1 e6 25. Rde2 f3 26. gxf3 Rxf3 27. Re3 Raf8 28. Rxf3 Rxf3 29. Re3 Rf5 30. Rg3 Kf7 31. Bc1 Kf6 32. h4 h5 33. Bg5+ Kf7 34. f4 Bc4 35. Rc3 Bb5 36. Kf2 Ba4 37. Ke3 a5 38. Rc5 axb4 39. axb4 b6 40. Rxf5+ gxf5 41. Bd8 b5 42. Bc7 Ke7 43. Be5 1/2-1/2

[Event "Scarborough CC Early Summer Swiss"]
[Site "Toronto CAN"]
[Date "2007.06.07"]
[Round "5"]
[White "Deiseach, Donald"]
[Black "Garel, Rick"]
[Result "1/2-1/2"]
[WhiteElo "1952"]
[BlackElo "1968"]
[PlyCount "127"]
[GameId "2160767910684602"]
[EventDate "2007.05.10"]
[EventType "swiss"]
[EventRounds "8"]
[EventCountry "CAN"]
[SourceTitle "EXT 2022"]
[Source "ChessBase"]
[SourceDate "2021.10.06"]
[SourceVersion "1"]
[SourceVersionDate "2021.10.06"]
[SourceQuality "1"]

1. d4 Nf6 2. c4 e5 3. dxe5 Ne4 4. Nf3 Bb4+ 5. Bd2 Bc5 6. e3 d6 7. Nc3 Nxd2 8. Qxd2 Bg4 9. Be2 Nc6 10. exd6 Qxd6 11. Qxd6 Bxd6 12. O-O O-O-O 13. Ng5 Bxe2 14. Nxe2 Rdf8 15. Rfd1 h6 16. Ne4 Be5 17. Rd2 f5 18. Nc5 b6 19. Nd3 Bf6 20. Rad1 Rd8 21. Nef4 g5 22. Nd5 Bg7 23. b4 b5 24. Nc5 bxc4 25. Ne6 c3 26. Nxd8 Rxd8 27. Ne7+ Kb7 28. Rxd8 Nxd8 29. Nxf5 Bf8 30. a3 a5 31. Nd4 axb4 32. axb4 Nc6 33. Nxc6 Kxc6 34. Rc1 Bxb4 35. Kf1 Kc5 36. Ke2 Kc4 37. Kd1 Kd3 38. Rc2 g4 39. Re2 Bd6 40. e4 Be5 41. f4 Bxf4 42. e5 c2+ 43. Rxc2 Bxe5 44. g3 Ke4 45. Ke2 Kf5 46. Ke3 Bd6 47. Kd4 h5 48. Rf2+ Kg5 49. Ke4 Kg6 50. Rf5 Kh6 51. Kd5 h4 52. gxh4 Bxh2 53. Rg5 Bd6 54. Rxg4 Kh5 55. Rc4 Bh2 56. Ke6 Bd6 57. Kf5 Bh2 58. Ke6 Bd6 59. Kf6 Bh2 60. Kf5 Bd6 61. Rg4 Bh2 62. Rg7 Kxh4 63. Rh7+ Kg3 64. Rxc7 1/2-1/2

[Event "Scarborough CC Early Summer Swiss"]
[Site "Toronto CAN"]
[Date "2007.06.07"]
[Round "5"]
[White "Hall, John2"]
[Black "Yuan, Yuanling"]
[Result "1/2-1/2"]
[WhiteElo "2114"]
[BlackElo "1976"]
[PlyCount "81"]
[GameId "2160767910684603"]
[EventDate "2007.05.10"]
[EventType "swiss"]
[EventRounds "8"]
[EventCountry "CAN"]
[SourceTitle "EXT 2022"]
[Source "ChessBase"]
[SourceDate "2021.10.06"]
[SourceVersion "1"]
[SourceVersionDate "2021.10.06"]
[SourceQuality "1"]

1. d4 Nf6 2. c4 g6 3. Nc3 Bg7 4. e4 d6 5. f4 O-O 6. Nf3 c5 7. d5 e6 8. Be2 exd5 9. cxd5 Re8 10. e5 dxe5 11. fxe5 Ng4 12. Bg5 Qa5 13. O-O Nxe5 14. d6 h6 15. Nxe5 Rxe5 16. Bf4 Re8 17. Bc4 Be6 18. d7 Nxd7 19. Bxe6 Bd4+ 20. Kh1 Rxe6 21. Bxh6 Nf6 22. Qf3 Qc7 23. Nb5 Qc6 24. Nxd4 cxd4 25. Rad1 Qxf3 26. Rxf3 Ng4 27. Bd2 Rae8 28. h3 Ne5 29. Rb3 b6 30. Bf4 Nc6 31. Kg1 Re4 32. Bg3 Kg7 33. Bf2 Rd8 34. Kf1 f5 35. Rbd3 Kf7 36. a3 Rd5 37. b4 Kf6 38. Rc1 Re6 39. Rcd1 Re4 40. Rc1 Re6 41. Rcd1 1/2-1/2

[Event "Scarborough CC Early Summer Swiss"]
[Site "Toronto CAN"]
[Date "2007.06.07"]
[Round "5"]
[White "Moran, Mario"]
[Black "Blackman, Gord"]
[Result "1-0"]
[WhiteElo "1773"]
[BlackElo "1619"]
[PlyCount "124"]
[GameId "2160767910684604"]
[EventDate "2007.05.10"]
[EventType "swiss"]
[EventRounds "8"]
[EventCountry "CAN"]
[SourceTitle "EXT 2022"]
[Source "ChessBase"]
[SourceDate "2021.10.06"]
[SourceVersion "1"]
[SourceVersionDate "2021.10.06"]
[SourceQuality "1"]

1. e4 g6 2. d4 Bg7 3. Nf3 d6 4. Nc3 c6 5. Be2 Bg4 6. h3 Bxf3 7. Bxf3 Nd7 8. O-O Ngf6 9. Ne2 O-O 10. c3 e5 11. Qb3 Qb6 12. Be3 Qc7 13. Ng3 a6 14. Rad1 b5 15. Be2 c5 16. dxe5 dxe5 17. Rd2 c4 18. Qc2 Rfd8 19. Rfd1 Nf8 20. a4 Ne6 21. b4 Rxd2 22. Rxd2 Rd8 23. a5 Rd6 24. f3 h5 25. Qd1 Rxd2 26. Qxd2 Qd7 27. Qc1 Qd6 28. Nh1 Kh7 29. Nf2 Kg8 30. g3 Kh7 31. Kg2 Kg8 32. h4 Kf8 33. Nh3 Kg8 34. Ng5 Nxg5 35. Bxg5 Kh7 36. Be3 Kg8 37. Bc5 Qd7 38. Qg5 Nh7 39. Qe3 Nf6 40. Bb6 Qd6 41. Qg5 Kh7 42. Bc5 Qe6 43. Qd2 Qd7 44. Be3 Kg8 45. Qxd7 Nxd7 46. Bd2 f6 47. g4 hxg4 48. fxg4 Kf7 49. g5 fxg5 50. hxg5 Ke7 51. Bg4 Bf8 52. Kf3 Nb8 53. Bc8 Kd8 54. Bb7 Kc7 55. Bd5 Nc6 56. Bf7 Ne7 57. Kg4 Kd7 58. Be3 Nc8 59. Bxg6 Nd6 60. Bf5+ Ke8 61. Bc5 Be7 62. Be6 Bf8 1-0

[Event "Scarborough CC Early Summer Swiss"]
[Site "Toronto CAN"]
[Date "2007.06.07"]
[Round "5"]
[White "Moysoski, Randy"]
[Black "Gillis, Doug"]
[Result "1-0"]
[WhiteElo "1953"]
[BlackElo "1594"]
[PlyCount "49"]
[GameId "2160767910684605"]
[EventDate "2007.05.10"]
[EventType "swiss"]
[EventRounds "8"]
[EventCountry "CAN"]
[SourceTitle "EXT 2022"]
[Source "ChessBase"]
[SourceDate "2021.10.06"]
[SourceVersion "1"]
[SourceVersionDate "2021.10.06"]
[SourceQuality "1"]

1. e4 e6 2. Qe2 d5 3. exd5 Qxd5 4. Nc3 Qd8 5. d4 Qxd4 6. Be3 Qd8 7. Nf3 Nf6 8. Ne5 Bd6 9. O-O-O Qe7 10. Bg5 O-O 11. Ng4 Nbd7 12. Ne4 Be5 13. Rxd7 Bxb2+ 14. Kxb2 Qb4+ 15. Kc1 Nxe4 16. Be7 Qa4 17. Rxc7 Re8 18. Qb5 Qxb5 19. Bxb5 Rxe7 20. Rxe7 h5 21. Re8+ Kh7 22. Ne5 Nd6 23. Bd3+ f5 24. Rd8 b6 25. Rxd6 1-0

[Event "Scarborough CC Early Summer Swiss"]
[Site "Toronto CAN"]
[Date "2007.06.07"]
[Round "5"]
[White "Perez, Michael"]
[Black "Verde, Pino"]
[Result "0-1"]
[WhiteElo "1710"]
[BlackElo "1762"]
[PlyCount "58"]
[GameId "2160767910684607"]
[EventDate "2007.05.10"]
[EventType "swiss"]
[EventRounds "8"]
[EventCountry "CAN"]
[SourceTitle "EXT 2022"]
[Source "ChessBase"]
[SourceDate "2021.10.06"]
[SourceVersion "1"]
[SourceVersionDate "2021.10.06"]
[SourceQuality "1"]

1. e4 e5 2. d4 d5 3. dxe5 d4 4. Nf3 c5 5. Bc4 h6 6. c3 Nc6 7. Bb5 Bd7 8. O-O Nge7 9. Bf4 g5 10. Bg3 Bg7 11. cxd4 cxd4 12. Na3 O-O 13. Nxd4 Nxd4 14. Qxd4 Bxb5 15. Qxd8 Raxd8 16. Nxb5 Rd7 17. Rab1 h5 18. h4 Nc6 19. hxg5 Nxe5 20. f4 Nc4 21. b3 Ne3 22. Rf2 Rfd8 23. e5 Rd1+ 24. Rxd1 Rxd1+ 25. Kh2 Ng4+ 26. Kh3 Rh1+ 27. Bh2 Nxf2+ 28. Kg3 Ng4 29. Nxa7 Nxh2 0-1

[Event "Scarborough CC Early Summer Swiss"]
[Site "Toronto CAN"]
[Date "2007.06.07"]
[Round "5"]
[White "Rapoport, Alexander"]
[Black "Jizan, Masoud"]
[Result "1-0"]
[WhiteElo "2012"]
[BlackElo "1621"]
[PlyCount "49"]
[GameId "2160767910684608"]
[EventDate "2007.05.10"]
[EventType "swiss"]
[EventRounds "8"]
[EventCountry "CAN"]

1. d4 d5 2. e3 Nf6 3. f4 Bf5 4. Nf3 e6 5. Be2 Nc6 6. c3 Be7 7. O-O a6 8. Ne5 Nxe5 9. dxe5 Ne4 10. g4 Bxg4 11. Bxg4 h5 12. Bf3 Bc5 13. Bxe4 dxe4 14. Qa4+ b5 15. Qxe4 Qd5 16. Qxd5 exd5 17. b3 f6 18. exf6 gxf6 19. Kf2 Rg8 20. Ba3 Bb6 21. Nd2 O-O-O 22. Nf3 Rde8 23. Nd4 Kb7 24. Rg1 c5 25. Nf5 1-0

[Event "Scarborough CC Early Summer Swiss"]
[Site "Toronto CAN"]
[Date "2007.06.07"]
[Round "5"]
[White "Smith, Maurice"]
[Black "Bellomo, Joe"]
[Result "0-1"]
[WhiteElo "1730"]
[BlackElo "1766"]
[PlyCount "72"]
[GameId "2160767910684609"]
[EventDate "2007.05.10"]
[EventType "swiss"]
[EventRounds "8"]
[EventCountry "CAN"]
[SourceTitle "EXT 2022"]
[Source "ChessBase"]
[SourceDate "2021.10.06"]
[SourceVersion "1"]
[SourceVersionDate "2021.10.06"]
[SourceQuality "1"]

1. e4 c5 2. f4 Nc6 3. Nf3 e5 4. fxe5 Qe7 5. Nc3 Nxe5 6. d3 a6 7. Be2 Nf6 8. O-O d6 9. Bg5 h6 10. Bxf6 gxf6 11. Nd5 Qd8 12. Nh4 Be7 13. Nf5 Bxf5 14. Rxf5 Nd7 15. Bh5 Ne5 16. Qf1 Nd7 17. Qf2 Rg8 18. Qe3 Rg5 19. Raf1 Qa5 20. a3 Rc8 21. h4 Rxf5 22. Rxf5 Bf8 23. Nxf6+ Nxf6 24. Rxf6 Rc7 25. Qf2 Bg7 26. Rxf7 Bd4 27. Rf3+ Kd7 28. Re3 Bxe3 29. Qxe3 Kc6 30. Be8+ Kb6 31. b4 Qxa3 32. Qxh6 Qa1+ 33. Kf2 Qd4+ 34. Kf1 cxb4 35. Qd2 a5 36. Qg5 Qa1+ 0-1

[Event "Scarborough CC Early Summer Swiss"]
[Site "Toronto CAN"]
[Date "2007.06.07"]
[Round "5"]
[White "Villalobos, Oscar"]
[Black "Paterson, Jim"]
[Result "1/2-1/2"]
[WhiteElo "1627"]
[BlackElo "1911"]
[PlyCount "91"]
[GameId "2160767910684610"]
[EventDate "2007.05.10"]
[EventType "swiss"]
[EventRounds "8"]
[EventCountry "CAN"]
[SourceTitle "EXT 2022"]
[Source "ChessBase"]
[SourceDate "2021.10.06"]
[SourceVersion "1"]
[SourceVersionDate "2021.10.06"]
[SourceQuality "1"]

1. e4 Nf6 2. d3 e5 3. Nc3 c6 4. Nf3 d6 5. g3 Be7 6. Bg2 Nbd7 7. O-O O-O 8. Nh4 Nc5 9. Nf5 Ne6 10. f4 Re8 11. Nxe7+ Qxe7 12. f5 Nf8 13. g4 h6 14. h4 N6h7 15. Qe1 Qf6 16. Qg3 g5 17. hxg5 Nxg5 18. Be3 Bd7 19. Bf3 Nfh7 20. Kg2 Nxf3 21. Qxf3 Ng5 22. Qf2 Kg7 23. Rh1 Rh8 24. Rh5 Qe7 25. Rah1 f6 26. Qh4 Rag8 27. Rxh6 Rxh6 28. Qxh6+ Kf7 29. Bxg5 Rxg5 30. Qh8 Rxg4+ 31. Kf3 Rg8 32. Qh6 a6 33. Ne2 Qf8 34. Qxf8+ Rxf8 35. Rh6 d5 36. Ng3 Be8 37. Rh7+ Kg8 38. Rxb7 dxe4+ 39. Nxe4 Bh5+ 40. Ke3 Bg4 41. Nd6 Rd8 42. Nf7 Rd4 43. Nh6+ Kh8 44. Rf7 Bd1 45. Kd2 Bf3 46. Rxf6 1/2-1/2

[Event "Scarborough CC Early Summer Swiss"]
[Site "Toronto CAN"]
[Date "2007.06.14"]
[Round "6"]
[White "Garel, Rick"]
[Black "Verde, Pino"]
[Result "1-0"]
[WhiteElo "1968"]
[BlackElo "1762"]
[PlyCount "119"]
[GameId "2160767910684612"]
[EventDate "2007.05.10"]
[EventType "swiss"]
[EventRounds "8"]
[EventCountry "CAN"]
[SourceTitle "EXT 2022"]
[Source "ChessBase"]
[SourceDate "2021.10.06"]
[SourceVersion "1"]
[SourceVersionDate "2021.10.06"]
[SourceQuality "1"]

1. c4 Nf6 2. Nc3 c6 3. Nf3 d6 4. d4 Bf5 5. Qb3 Qc8 6. Bg5 Nbd7 7. Nh4 Bg4 8. f3 Be6 9. e4 b5 10. d5 Nc5 11. Qc2 cxd5 12. cxd5 Bd7 13. Bxb5 Bxb5 14. Nxb5 Qb7 15. Nc3 Nfd7 16. Nf5 Ne5 17. O-O h6 18. Be3 g6 19. Bxc5 dxc5 20. Ne3 Bg7 21. f4 Nd7 22. e5 Rb8 23. e6 Nf6 24. Qa4+ Kf8 25. exf7 Kxf7 26. Qc4 Qb4 27. d6+ Qxc4 28. Nxc4 e6 29. Ne5+ Ke8 30. Nxg6 Ng4 31. Nxh8 Bd4+ 32. Kh1 Rxb2 33. Ne4 Bxh8 34. Rab1 c4 35. Rfc1 c3 36. Rxb2 cxb2 37. Rc8+ Kd7 38. Rc7+ Kd8 39. Rb7 Bd4 40. h3 Bb6 41. Nc3 Nf2+ 42. Kh2 Ne4 43. Nb1 Nxd6 44. Rh7 Be3 45. g3 Nc4 46. Kg2 Nd2 47. Nxd2 Bxd2 48. Rb7 Bc3 49. Kf3 a5 50. Rb3 a4 51. Rb5 Kc7 52. Ke2 Kc6 53. Rb8 Bd4 54. Kd3 Bb6 55. Kc2 Bc5 56. g4 Kd5 57. g5 hxg5 58. fxg5 Be7 59. g6 Bf6 60. Rb7 1-0

[Event "Scarborough CC Early Summer Swiss"]
[Site "Toronto CAN"]
[Date "2007.06.14"]
[Round "6"]
[White "Sherman, Joshua"]
[Black "Villalobos, Oscar"]
[Result "1-0"]
[WhiteElo "1735"]
[BlackElo "1627"]
[PlyCount "59"]
[GameId "2160767910684613"]
[EventDate "2007.05.10"]
[EventType "swiss"]
[EventRounds "8"]
[EventCountry "CAN"]
[SourceTitle "EXT 2022"]
[Source "ChessBase"]
[SourceDate "2021.10.06"]
[SourceVersion "1"]
[SourceVersionDate "2021.10.06"]
[SourceQuality "1"]

1. e4 c5 2. a3 d6 3. b4 Nf6 4. Nc3 Nbd7 5. f4 b6 6. Bc4 Bb7 7. d3 e6 8. Qe2 Be7 9. Nf3 a6 10. O-O b5 11. Ba2 Qc7 12. Bb2 O-O 13. Ng5 cxb4 14. axb4 e5 15. f5 d5 16. exd5 Bxb4 17. Nce4 Bxd5 18. Nxf6+ Nxf6 19. Bxd5 Nxd5 20. f6 Nxf6 21. Rxf6 gxf6 22. Nxh7 Rfc8 23. Nxf6+ Kf8 24. Bxe5 Qxc2 25. Qg4 Qd2 26. Nd7+ Ke8 27. Nf6+ Kf8 28. Bf4 Qc3 29. Bh6+ Ke7 30. Nd5+ 1-0

[Event "Scarborough CC Early Summer Swiss"]
[Site "Toronto CAN"]
[Date "2007.06.28"]
[Round "8"]
[White "Bellomo, Joe"]
[Black "Armstrong, Robert J"]
[Result "1/2-1/2"]
[WhiteElo "1711"]
[BlackElo "1799"]
[PlyCount "80"]
[GameId "2160767910684615"]
[EventDate "2007.05.10"]
[EventType "swiss"]
[EventRounds "8"]
[EventCountry "CAN"]
[SourceTitle "EXT 2022"]
[Source "ChessBase"]
[SourceDate "2021.10.06"]
[SourceVersion "1"]
[SourceVersionDate "2021.10.06"]
[SourceQuality "1"]

1. e4 g6 2. Nf3 Bg7 3. d4 d6 4. Be2 Nf6 5. Nc3 O-O 6. O-O c6 7. Re1 b5 8. a3 Bb7 9. d5 cxd5 10. exd5 a6 11. Bf1 Nbd7 12. Be3 Re8 13. h3 Rc8 14. g3 Nb6 15. Bxb6 Qxb6 16. Bg2 Nh5 17. g4 Bxc3 18. gxh5 Bxe1 19. Nxe1 Rc4 20. Qf3 Rd4 21. Qb3 Rf4 22. Qg3 Qd4 23. Nd3 Rf5 24. c3 Qf6 25. hxg6 fxg6 26. Nb4 Rf8 27. Rf1 Rg5 28. Qe3 Re5 29. Qb6 Bc8 30. Nc6 Rg5 31. Qe3 Rf7 32. Nd8 Rf8 33. Nc6 Rf7 34. Nd8 Re5 35. Qd3 Rf8 36. Nc6 Rh5 37. Qe3 Re8 38. Re1 Kf7 39. Kh2 Rf5 40. Re2 Qg5 1/2-1/2

[Event "Scarborough CC Early Summer Swiss"]
[Site "Toronto CAN"]
[Date "2007.06.28"]
[Round "8"]
[White "Garel, Rick"]
[Black "Hall, John2"]
[Result "0-1"]
[WhiteElo "1968"]
[BlackElo "2084"]
[PlyCount "50"]
[GameId "2160767910684616"]
[EventDate "2007.05.10"]
[EventType "swiss"]
[EventRounds "8"]
[EventCountry "CAN"]
[SourceTitle "EXT 2022"]
[Source "ChessBase"]
[SourceDate "2021.10.06"]
[SourceVersion "1"]
[SourceVersionDate "2021.10.06"]
[SourceQuality "1"]

1. e4 e5 2. Nf3 Nc6 3. Bb5 Nf6 4. O-O Nxe4 5. Re1 Nd6 6. Nxe5 Nxe5 7. Rxe5+ Be7 8. Bd3 O-O 9. Qh5 g6 10. Qe2 Bf6 11. Re3 c6 12. c3 Ne8 13. f4 d5 14. f5 Ng7 15. fxg6 fxg6 16. Bc2 Bg5 17. Re5 Bf4 18. Re7 Qb6+ 19. Kh1 Bd6 20. Re3 Bg4 21. Qe1 Rae8 22. d4 Rxe3 23. Bxe3 Qxb2 24. Nd2 Qxc2 25. Rc1 Qd3 0-1

[Event "Scarborough CC Early Summer Swiss"]
[Site "Toronto CAN"]
[Date "2007.06.28"]
[Round "8"]
[White "Moysoski, Randy"]
[Black "Wu, Aaron"]
[Result "1-0"]
[WhiteElo "1953"]
[BlackElo "1662"]
[PlyCount "63"]
[GameId "2160767910684617"]
[EventDate "2007.05.10"]
[EventType "swiss"]
[EventRounds "8"]
[EventCountry "CAN"]
[SourceTitle "EXT 2022"]
[Source "ChessBase"]
[SourceDate "2021.10.06"]
[SourceVersion "1"]
[SourceVersionDate "2021.10.06"]
[SourceQuality "1"]

1. e4 e6 2. Qe2 c5 3. Nc3 Nc6 4. Nf3 Nge7 5. d3 d5 6. Bd2 dxe4 7. Nxe4 Nd5 8. c4 Ndb4 9. Bc3 f6 10. Qd2 Be7 11. Nxc5 Bxc5 12. a3 Nxd3+ 13. Bxd3 e5 14. Qc2 Be6 15. O-O Nd4 16. Nxd4 Bxd4 17. Rad1 Qc7 18. Bxd4 exd4 19. Rfe1 Kf7 20. Re4 Rad8 21. Rde1 Rd6 22. c5 Rc6 23. b4 Rd8 24. Qe2 Qd7 25. Qh5+ Kg8 26. b5 g6 27. bxc6 bxc6 28. Qe2 Bf5 29. Re7 Bxd3 30. Rxd7 Bxe2 31. Rxd8+ Kf7 32. Rxe2 1-0

[Event "Scarborough CC Early Summer Swiss"]
[Site "Toronto CAN"]
[Date "2007.06.28"]
[Round "8"]
[White "Sherman, Joshua"]
[Black "Lamb, Bryan"]
[Result "0-1"]
[WhiteElo "1735"]
[BlackElo "2204"]
[PlyCount "106"]
[GameId "2160767910684618"]
[EventDate "2007.05.10"]
[EventType "swiss"]
[EventRounds "8"]
[EventCountry "CAN"]
[SourceTitle "EXT 2022"]
[Source "ChessBase"]
[SourceDate "2021.10.06"]
[SourceVersion "1"]
[SourceVersionDate "2021.10.06"]
[SourceQuality "1"]

1. e4 e6 2. d4 d5 3. Nc3 Bb4 4. e5 c5 5. a3 Bxc3+ 6. bxc3 Qc7 7. Qg4 Ne7 8. Bd2 Ng6 9. Bd3 c4 10. Be2 Bd7 11. Nf3 Nc6 12. Qg3 O-O-O 13. Ng5 Rdf8 14. f4 Nce7 15. Bg4 Qb6 16. O-O f6 17. Rab1 Qa6 18. Nxe6 Bxe6 19. f5 Bxf5 20. Bxf5+ Nxf5 21. Rxf5 fxe5 22. Qg4 Kc7 23. dxe5 Qe6 24. Rg5 Qxg4 25. Rxg4 Rf5 26. Be1 Re8 27. Bg3 Re6 28. Rd1 Kc6 29. Rgd4 Ne7 30. Re1 b5 31. Rg4 g6 32. Rd4 Rf8 33. Bh4 Nf5 34. Rf4 Rfe8 35. Bf6 Rxf6 36. g4 Rf7 37. gxf5 gxf5 38. e6 Rf6 39. Re5 Rexe6 40. Rfxf5 Rxe5 41. Rxf6+ Kd7 42. Ra6 Re2 43. Rxa7+ Kc6 44. Rxh7 Rxc2 45. Rh3 Ra2 46. Re3 Kc5 47. h4 Rxa3 48. h5 b4 49. cxb4+ Kxb4 50. Re8 c3 51. Rb8+ Kc4 52. h6 Ra7 53. Kf2 Kd3 0-1

[Event "Scarborough CC Fall Swiss"]
[Site "Toronto CAN"]
[Date "2007.11.01"]
[Round "1"]
[White "Arfin, Sam"]
[Black "Garel, Rick"]
[Result "1-0"]
[WhiteElo "1544"]
[BlackElo "1989"]
[PlyCount "56"]
[GameId "2160767910574524"]
[EventDate "2007.11.01"]
[EventType "swiss"]
[EventRounds "7"]
[EventCountry "CAN"]
[SourceTitle "EXT 2022"]
[Source "ChessBase"]
[SourceDate "2021.10.06"]
[SourceVersion "1"]
[SourceVersionDate "2021.10.06"]
[SourceQuality "1"]

1. e4 c5 2. Nc3 Nc6 3. f4 d6 4. Nf3 e6 5. Bb5 a6 6. Bxc6+ bxc6 7. O-O d5 8. d3 Bd6 9. Qe1 Ne7 10. e5 Bc7 11. Qf2 Nf5 12. Kh1 Bb6 13. Na4 Ba7 14. c4 d4 15. Ng5 h5 16. Ne4 h4 17. Naxc5 Bxc5 18. Nxc5 Ng3+ 19. Kg1 Nxf1 20. Kxf1 O-O 21. Bd2 f6 22. Qxh4 fxe5 23. Qxd8 Rxd8 24. fxe5 Rf8+ 25. Kg1 Rf5 26. Re1 Rb8 27. b3 Kf7 28. g4 g6 1-0

[Event "Scarborough CC Fall Swiss"]
[Site "Toronto CAN"]
[Date "2007.11.01"]
[Round "1"]
[White "Armstrong, Robert J"]
[Black "Moysoski, Randy"]
[Result "1-0"]
[WhiteElo "1708"]
[BlackElo "1914"]
[PlyCount "115"]
[GameId "2160767910574525"]
[EventDate "2007.11.01"]
[EventType "swiss"]
[EventRounds "7"]
[EventCountry "CAN"]
[SourceTitle "EXT 2022"]
[Source "ChessBase"]
[SourceDate "2021.10.06"]
[SourceVersion "1"]
[SourceVersionDate "2021.10.06"]
[SourceQuality "1"]

1. d4 g6 2. c4 Bg7 3. Nc3 d6 4. e4 Nd7 5. f3 c5 6. Be3 Qb6 7. Nd5 Qa5+ 8. Bd2 Qd8 9. Bc3 Ngf6 10. dxc5 Nxc5 11. Bd3 e5 12. Qd2 O-O 13. Ne2 Nh5 14. O-O-O Bd7 15. g4 Nf6 16. Ng3 Nxd5 17. cxd5 a6 18. h4 Bb5 19. Bxb5 axb5 20. Kb1 Na4 21. Bb4 Nb6 22. b3 Qe7 23. g5 f5 24. gxf6 Bxf6 25. Rhg1 Kf7 26. h5 Bg5 27. hxg6+ hxg6 28. Qg2 Rg8 29. Rh1 Rh8 30. Rxh8 Rxh8 31. Rg1 Rg8 32. Rh1 Kf6 33. Qh3 Bf4 34. Nf5 Qd7 35. Nxd6 Qxh3 36. Rxh3 Kg7 37. Nxb5 Nd7 38. Rh1 b6 39. Nc7 Be3 40. Ne6+ Kf6 41. Rh7 Nc5 42. Bxc5 bxc5 43. Rc7 Rh8 44. Nxc5 Rh1+ 45. Kb2 Rh2+ 46. Ka3 Bc1+ 47. Kb4 Bb2 48. d6 Rd2 49. d7 Ke7 50. Rc8 Rxd7 51. Nxd7 Kxd7 52. Rc4 g5 53. a4 Kd6 54. a5 Bd4 55. Rxd4+ exd4 56. Kc4 Ke5 57. Kd3 Kf4 58. a6 1-0

[Event "Scarborough CC Fall Swiss"]
[Site "Toronto CAN"]
[Date "2007.11.01"]
[Round "1"]
[White "Hall, John2"]
[Black "Sherman, Joshua"]
[Result "1/2-1/2"]
[WhiteElo "2112"]
[BlackElo "1765"]
[PlyCount "71"]
[GameId "2160767910574526"]
[EventDate "2007.11.01"]
[EventType "swiss"]
[EventRounds "7"]
[EventCountry "CAN"]
[SourceTitle "EXT 2022"]
[Source "ChessBase"]
[SourceDate "2021.10.06"]
[SourceVersion "1"]
[SourceVersionDate "2021.10.06"]
[SourceQuality "1"]

1. b3 d5 2. e3 e5 3. Bb2 Bd6 4. c4 c6 5. cxd5 cxd5 6. f4 exf4 7. Bxg7 Qh4+ 8. g3 fxg3 9. Bg2 gxh2+ 10. Kf1 hxg1=Q+ 11. Kxg1 Qg5 12. Bxh8 Bg4 13. Qf1 Nc6 14. Rxh7 O-O-O 15. Nc3 f5 16. Nxd5 Qg6 17. Rh1 Nge7 18. Nxe7+ Nxe7 19. Rc1+ Nc6 20. Rxc6+ bxc6 21. Qa6+ Kd7 22. Qxc6+ Ke7 23. Be5 Kf7 24. Bxd6 Rxd6 25. Qc7+ Ke6 26. Qc4+ Ke7 27. Qb4 Ke6 28. Kf2 Qf6 29. Qc4+ Ke7 30. Rh7+ Kf8 31. Bd5 f4 32. Rf7+ Qxf7 33. Bxf7 Rxd2+ 34. Ke1 Rd1+ 35. Kf2 Rd2+ 36. Ke1 1/2-1/2

[Event "Scarborough CC Fall Swiss"]
[Site "Toronto CAN"]
[Date "2007.11.01"]
[Round "1"]
[White "Manalo, Pepin"]
[Black "Yuan, Yuanling"]
[Result "0-1"]
[WhiteElo "1777"]
[BlackElo "2146"]
[PlyCount "54"]
[GameId "2160767910574527"]
[EventDate "2007.11.01"]
[EventType "swiss"]
[EventRounds "7"]
[EventCountry "CAN"]
[SourceTitle "EXT 2022"]
[Source "ChessBase"]
[SourceDate "2021.10.06"]
[SourceVersion "1"]
[SourceVersionDate "2021.10.06"]
[SourceQuality "1"]

1. e4 c5 2. Nc3 Nc6 3. Bc4 g6 4. f4 Bg7 5. Nf3 e6 6. Qe2 Nge7 7. a3 O-O 8. d3 d5 9. Bb3 a6 10. Bd2 b5 11. O-O Bb7 12. Kh1 Qd7 13. Rae1 Rad8 14. Qf2 Nd4 15. Nxd4 Bxd4 16. Qh4 dxe4 17. dxe4 c4 18. Ba2 f5 19. Re2 Bf6 20. Qh3 a5 21. e5 Bg7 22. b3 b4 23. axb4 axb4 24. Na4 Qb5 25. Be3 cxb3 26. Bxb3 Qxe2 27. Bxe6+ Kh8 0-1

[Event "Scarborough CC Fall Swiss"]
[Site "Toronto CAN"]
[Date "2007.11.01"]
[Round "1"]
[White "Marsh, Cassius"]
[Black "Kurkowski, Ken"]
[Result "1-0"]
[WhiteElo "2101"]
[BlackElo "1793"]
[PlyCount "86"]
[GameId "2160767910574528"]
[EventDate "2007.11.01"]
[EventType "swiss"]
[EventRounds "7"]
[EventCountry "CAN"]
[SourceTitle "EXT 2022"]
[Source "ChessBase"]
[SourceDate "2021.10.06"]
[SourceVersion "1"]
[SourceVersionDate "2021.10.06"]
[SourceQuality "1"]

1. c4 g6 2. Nc3 Bg7 3. g3 Nf6 4. Bg2 O-O 5. d3 d6 6. Qc2 c5 7. Rb1 Nc6 8. Nf3 Bd7 9. a3 a5 10. O-O Nh5 11. Rd1 f5 12. Ng5 Nf6 13. e3 h6 14. Nh3 e5 15. Nb5 Qe7 16. f4 e4 17. Nf2 exd3 18. Qxd3 Rad8 19. Qxd6 Be6 20. Qxe7 Nxe7 21. b3 Rxd1+ 22. Nxd1 b6 23. Kf1 Rd8 24. Ke1 Nc8 25. a4 Kf7 26. Nf2 Nd6 27. Nxd6+ Rxd6 28. Bb2 Bd7 29. Rd1 Rxd1+ 30. Kxd1 Be6 31. h3 Nh5 32. Bxg7 Kxg7 33. g4 fxg4 34. hxg4 Ng3 35. Bf3 Kf6 36. e4 h5 37. g5+ Kf7 38. Nh1 h4 39. Ke1 Bd7 40. Kf2 Nxh1+ 41. Bxh1 Ke7 42. Bf3 Bc8 43. Bd1 Bd7 1-0